[Event "SVK-chT1E 2223"]
[Site "Slovakia"]
[Date "2022.12.03"]
[Round "5.1"]
[White "Krnan, Tomas"]
[Black "Kralovic, Andrej"]
[Result "1-0"]
[WhiteElo "2418"]
[BlackElo "2244"]
[PlyCount "75"]
[GameId "1867271137644544"]
[EventDate "2022.10.15"]
[EventType "team-tourn"]
[EventRounds "11"]
[EventCountry "SVK"]
[SourceTitle "EXT 2024"]
[Source "ChessBase"]
[SourceDate "2023.10.10"]
[SourceVersion "1"]
[SourceVersionDate "2023.10.10"]
[SourceQuality "1"]
[WhiteTeam "Banska Bystrica Junior"]
[BlackTeam "Zvolen Slavia"]
[WhiteTeamCountry "SVK"]
[BlackTeamCountry "SVK"]

1. e4 e5 2. Nc3 Nf6 3. f4 d5 4. fxe5 Nxe4 5. Qf3 Nc6 6. Bb5 Nxc3 7. dxc3 Qh4+ 8. g3 Qe4+ 9. Qxe4 dxe4 10. Ne2 a6 11. Bxc6+ bxc6 12. Rf1 Bh3 13. Rf4 Bg2 14. Be3 Be7 15. Rf2 Bh1 16. O-O-O Bf3 17. Re1 c5 18. c4 f5 19. exf6 Bxf6 20. Ng1 O-O-O 21. Nxf3 exf3 22. Bxc5 Rde8 23. Rxe8+ Rxe8 24. c3 Bg5+ 25. Kc2 Re5 26. Bd4 Rf5 27. Bxg7 c5 28. Kd3 Bc1 29. b3 Rf7 30. Be5 Kd7 31. Bf4 Ba3 32. Rxf3 Kc6 33. Ke4 a5 34. Be5 Re7 35. Rf6+ Kb7 36. Kd5 a4 37. bxa4 Rd7+ 38. Bd6 1-0

[Event "SVK-chT1E 2223"]
[Site "Slovakia"]
[Date "2023.03.11"]
[Round "10.2"]
[White "Krnan, Tomas"]
[Black "Kasperek, Ryszard"]
[Result "1-0"]
[WhiteElo "2418"]
[BlackElo "2091"]
[PlyCount "111"]
[GameId "1901778385989632"]
[EventDate "2022.10.15"]
[EventType "team-tourn"]
[EventRounds "11"]
[EventCountry "SVK"]
[SourceTitle "EXT 2024"]
[Source "ChessBase"]
[SourceDate "2023.10.10"]
[SourceVersion "1"]
[SourceVersionDate "2023.10.10"]
[SourceQuality "1"]
[WhiteTeam "Banska Bystrica Junior"]
[BlackTeam "Dunajov Martin II"]
[WhiteTeamCountry "SVK"]
[BlackTeamCountry "SVK"]

1. e4 c5 2. Nf3 e6 3. b3 Nc6 4. Bb2 d5 5. Bb5 Nge7 6. exd5 Qxd5 7. O-O a6 8. Bc4 Qd7 9. a4 h6 10. Nh4 Rg8 11. Nc3 b6 12. Ne4 Bb7 13. Re1 O-O-O 14. Nf3 Nd5 15. c3 f5 16. Ng3 Bd6 17. d4 cxd4 18. cxd4 Bb4 19. Re2 Kb8 20. Rc2 g5 21. Rac1 g4 22. Ne1 h5 23. Nd3 h4 24. Nf1 h3 25. Bxd5 Qxd5 26. Ne3 Qe4 27. Rxc6 Bxc6 28. Nxb4 Bb7 29. Qd3 Rc8 30. Re1 a5 31. Qxe4 Bxe4 32. Na2 f4 33. Nc4 Bd5 34. Nc3 g3 35. fxg3 fxg3 36. Ne3 gxh2+ 37. Kxh2 hxg2 38. Ncxd5 exd5 39. Kg1 Rc6 40. Re2 Re8 41. Kxg2 Rxe3 42. Rxe3 Rc2+ 43. Kf3 Rxb2 44. Kf4 Kb7 45. Ke5 b5 46. axb5 Kb6 47. Kxd5 Kxb5 48. Ke6 Rh2 49. d5 Rh6+ 50. Ke5 Kc5 51. Rc3+ Kb4 52. Rd3 Rh5+ 53. Ke6 Rh6+ 54. Ke7 Kc5 55. d6 Rh7+ 56. Kd8 1-0

[Event "SVK-chT1E 2223"]
[Site "Slovakia"]
[Date "2023.03.12"]
[Round "11.2"]
[White "Kleman, Miroslav"]
[Black "Krnan, Tomas"]
[Result "0-1"]
[WhiteElo "2206"]
[BlackElo "2418"]
[PlyCount "80"]
[GameId "1901778386690048"]
[EventDate "2022.10.15"]
[EventType "team-tourn"]
[EventRounds "11"]
[EventCountry "SVK"]
[SourceTitle "EXT 2024"]
[Source "ChessBase"]
[SourceDate "2023.10.10"]
[SourceVersion "1"]
[SourceVersionDate "2023.10.10"]
[SourceQuality "1"]
[WhiteTeam "Dunajov Martin"]
[BlackTeam "Banska Bystrica Junior"]
[WhiteTeamCountry "SVK"]
[BlackTeamCountry "SVK"]

1. e4 e5 2. f4 exf4 3. Nf3 Nf6 4. e5 Nh5 5. d4 d6 6. Bc4 g6 7. Qe2 d5 8. Bb3 Bh6 9. c4 dxc4 10. Qxc4 O-O 11. Nc3 Nc6 12. O-O Na5 13. Qb4 Nxb3 14. Qxb3 g5 15. d5 g4 16. Nd4 Bg7 17. Nde2 f3 18. gxf3 Bxe5 19. f4 Bg7 20. Be3 Re8 21. Bd4 Bxd4+ 22. Nxd4 Qf6 23. Nde2 Re3 24. Qc4 Bf5 25. Qd4 Rae8 26. Qxf6 Nxf6 27. Ng3 Bd3 28. Rfd1 h5 29. Nf1 Rf3 30. Rd2 h4 31. Rad1 Ba6 32. Rf2 Rxf2 33. Kxf2 Ne4+ 34. Nxe4 Rxe4 35. Ne3 Rxf4+ 36. Ke1 g3 37. hxg3 hxg3 38. Kd2 Rd4+ 39. Ke1 Rxd1+ 40. Nxd1 f5 0-1

[Event "Oakville Invitational"]
[Site "Oskville CAN"]
[Date "2020.02.19"]
[Round "1.1"]
[White "Krnan, Tomas"]
[Black "Liang, Jason"]
[Result "1/2-1/2"]
[WhiteElo "2420"]
[BlackElo "2353"]
[PlyCount "106"]
[GameId "2160767907702163"]
[EventDate "2020.02.19"]
[EventType "tourn"]
[EventRounds "9"]
[EventCountry "CAN"]
[SourceTitle "hb 2020"]

1. e4 c6 2. d4 d5 3. Nd2 dxe4 4. Nxe4 Bf5 5. Ng3 Bg6 6. h4 h6 7. Nf3 Nd7 8. h5 Bh7 9. Bd3 Bxd3 10. Qxd3 e6 11. Bd2 Ngf6 12. O-O-O Be7 13. Kb1 Qb6 14. Ne4 Rd8 15. Qe2 Qb5 16. Qxb5 cxb5 17. Nxf6+ Nxf6 18. Be3 Rd5 19. Ne5 O-O 20. g4 Bd6 21. f3 Bxe5 22. dxe5 Rxd1+ 23. Rxd1 Nd5 24. Bc1 Rc8 25. Rd3 a6 26. Bd2 Kf8 27. b3 Ke8 28. Kb2 Rc5 29. Kb1 Rc8 30. Kb2 Rc5 31. f4 Rc8 32. f5 Kf8 33. Rd4 Kg8 34. c4 bxc4 35. bxc4 Ne7 36. Rd7 Nc6 37. Bc3 b5 38. cxb5 Rb8 39. fxe6 fxe6 40. Rd6 Nxe5 41. Kc2 Rxb5 42. a4 Rc5 43. Rxa6 Nxg4 44. Rxe6 Nf6 45. Kb3 Rxh5 46. a5 Nd5 47. Re5 Rxe5 48. Bxe5 Kf7 49. Kc4 Ke6 50. Bxg7 Kd6 51. Bxh6 Kc6 52. a6 Kb6 53. Kxd5 Kxa6 1/2-1/2

[Event "Oakville Invitational"]
[Site "Oskville CAN"]
[Date "2020.02.20"]
[Round "2"]
[White "Posthuma, Joshua"]
[Black "Krnan, Tomas"]
[Result "1/2-1/2"]
[WhiteElo "2353"]
[BlackElo "2420"]
[PlyCount "49"]
[GameId "2160767907702167"]
[EventDate "2020.02.19"]
[EventType "tourn"]
[EventRounds "9"]
[EventCountry "CAN"]
[SourceTitle "CBM 195 Extra"]
[Source "ChessBase"]
[SourceDate "2020.05.31"]
[SourceVersion "1"]
[SourceVersionDate "2020.05.31"]
[SourceQuality "1"]

1. d4 Nf6 2. c4 e6 3. g3 c5 4. Nf3 cxd4 5. Nxd4 d5 6. Bg2 e5 7. Nf3 d4 8. O-O Nc6 9. e3 Be7 10. exd4 exd4 11. Bf4 O-O 12. Ne5 Nxe5 13. Bxe5 Bc5 14. Nd2 Re8 15. Bxf6 Qxf6 16. Ne4 Qb6 17. Nxc5 Qxc5 18. b3 Re7 19. Qd2 Be6 20. Rad1 Rd7 21. Qf4 Rad8 22. Rd2 a5 23. Be4 h6 24. Rfd1 b6 25. Rd3 1/2-1/2

[Event "Oakville Invitational"]
[Site "Oskville CAN"]
[Date "2020.02.20"]
[Round "3.4"]
[White "Krnan, Tomas"]
[Black "Migot, Tangi"]
[Result "1-0"]
[WhiteElo "2420"]
[BlackElo "2384"]
[PlyCount "71"]
[GameId "2160767907702176"]
[EventDate "2020.02.19"]
[EventType "tourn"]
[EventRounds "9"]
[EventCountry "CAN"]
[SourceTitle "hb 2020"]

1. e4 c5 2. Nf3 Nc6 3. Bb5 e6 4. O-O Nge7 5. Re1 a6 6. Bf1 Ng6 7. c3 Be7 8. d4 cxd4 9. cxd4 d5 10. e5 O-O 11. Nc3 Bd7 12. g3 Qc7 13. h4 f5 14. h5 Nh8 15. h6 g6 16. Bf4 Qd8 17. Qd2 b5 18. Bg2 Na5 19. b3 b4 20. Nxd5 exd5 21. Ng5 Bc8 22. Rac1 Nb7 23. Rc6 Nf7 24. Nxf7 Rxf7 25. e6 Rf6 26. Bc7 Qe8 27. Bxd5 Nd8 28. Rb6 Ra7 29. Bb8 Bb7 30. Bc4 Ra8 31. Be5 Rf8 32. d5 f4 33. d6 fxg3 34. fxg3 Rf5 35. dxe7 Qxe7 36. Bd6 1-0

[Event "Oakville Invitational"]
[Site "Oskville CAN"]
[Date "2020.02.22"]
[Round "6.4"]
[White "Lund, Silas"]
[Black "Krnan, Tomas"]
[Result "1/2-1/2"]
[WhiteElo "2340"]
[BlackElo "2420"]
[PlyCount "89"]
[GameId "2160767907702190"]
[EventDate "2020.02.19"]
[EventType "tourn"]
[EventRounds "9"]
[EventCountry "CAN"]
[SourceTitle "hb 2020"]

1. d4 Nf6 2. c4 e6 3. Nc3 Bb4 4. e3 b6 5. Bd3 Bb7 6. Nf3 O-O 7. O-O Bxc3 8. bxc3 c5 9. Nd2 Nc6 10. Nb3 Ba6 11. e4 d6 12. Re1 cxd4 13. cxd4 e5 14. Ba3 Re8 15. Bf1 Rc8 16. Rc1 Nb8 17. f3 Qc7 18. Qd2 h6 19. Red1 Red8 20. g3 Qd7 21. Qb4 Nc6 22. Qa4 Nxd4 23. Qxd7 Nxd7 24. Nxd4 exd4 25. Bxd6 Nc5 26. Rxd4 Nb7 27. e5 Rc6 28. Rcd1 Na5 29. c5 Bxf1 30. Kxf1 bxc5 31. Bxc5 Rxd4 32. Bxd4 Rc2 33. Bxa7 Rxa2 34. Bf2 Nc4 35. Re1 Kf8 36. f4 g6 37. g4 Nd2+ 38. Kg2 Ra4 39. Be3 Nc4 40. Bc1 Ra2+ 41. Kh3 Rc2 42. f5 g5 43. Kg3 Rc3+ 44. Kg2 Nxe5 45. Rxe5 1/2-1/2

[Event "Oakville Invitational"]
[Site "Oskville CAN"]
[Date "2020.02.22"]
[Round "7.2"]
[White "Krnan, Tomas"]
[Black "Clyde, Jordan"]
[Result "1-0"]
[WhiteElo "2420"]
[BlackElo "2154"]
[PlyCount "73"]
[GameId "2160767907702194"]
[EventDate "2020.02.19"]
[EventType "tourn"]
[EventRounds "9"]
[EventCountry "CAN"]
[SourceTitle "hb 2020"]

1. e4 Nf6 2. e5 Nd5 3. d4 d6 4. Nf3 dxe5 5. Nxe5 c6 6. Be2 Nd7 7. Nf3 g6 8. O-O Bg7 9. c4 Nc7 10. Nc3 O-O 11. Bf4 Nf6 12. Re1 Bg4 13. h3 Bxf3 14. Bxf3 Nfe8 15. d5 cxd5 16. Nxd5 Ne6 17. Bg3 Qd7 18. Bh4 Kh8 19. Bxe7 Rg8 20. Ba3 Nd6 21. b3 Rge8 22. Qd3 Nd4 23. Rad1 Nxf3+ 24. Qxf3 Rxe1+ 25. Rxe1 Nf5 26. Qe2 b5 27. Bb2 bxc4 28. bxc4 Rb8 29. Bxg7+ Nxg7 30. Qe7 Qa4 31. Qxf7 Qxa2 32. Re7 Qa1+ 33. Kh2 Qd4 34. Rxa7 Qe5+ 35. f4 Qe4 36. Rd7 Ra8 37. Nc7 1-0

[Event "Oakville Invitational"]
[Site "Oskville CAN"]
[Date "2020.02.23"]
[Round "8.5"]
[White "Zhou, Liran"]
[Black "Krnan, Tomas"]
[Result "1/2-1/2"]
[WhiteElo "2307"]
[BlackElo "2420"]
[PlyCount "68"]
[GameId "2160767907702201"]
[EventDate "2020.02.19"]
[EventType "tourn"]
[EventRounds "9"]
[EventCountry "CAN"]
[SourceTitle "hb 2020"]

1. e4 e5 2. Nf3 Nc6 3. Bb5 a6 4. Ba4 Nf6 5. O-O Be7 6. d3 b5 7. Bb3 d6 8. c3 O-O 9. Re1 Na5 10. Bc2 c5 11. Nbd2 Nc6 12. Nf1 h6 13. h3 Be6 14. Ng3 Re8 15. d4 cxd4 16. cxd4 exd4 17. Nxd4 Nxd4 18. Qxd4 Qc7 19. Bb3 d5 20. exd5 Bc5 21. Qd3 Bxd5 22. Be3 Bxe3 23. Rxe3 Rxe3 24. Qxe3 Re8 25. Qd2 Qb7 26. Nf5 Bxb3 27. axb3 Qd5 28. Qxd5 Nxd5 29. Rxa6 Re1+ 30. Kh2 Re2 31. Rd6 Nb4 32. Rd4 Nc6 33. Rd6 Nb4 34. Rd4 Nc6 1/2-1/2

[Event "Oakville Invitational"]
[Site "Oskville CAN"]
[Date "2020.02.23"]
[Round "9"]
[White "Krnan, Tomas"]
[Black "Hua, Eugene"]
[Result "0-1"]
[WhiteElo "2420"]
[BlackElo "2298"]
[PlyCount "134"]
[GameId "2160767907702202"]
[EventDate "2020.02.19"]
[EventType "tourn"]
[EventRounds "9"]
[EventCountry "CAN"]
[SourceTitle "CBM 195 Extra"]
[Source "ChessBase"]
[SourceDate "2020.05.31"]
[SourceVersion "1"]
[SourceVersionDate "2020.05.31"]
[SourceQuality "1"]

1. e4 c5 2. Nf3 d6 3. Bb5+ Nd7 4. O-O a6 5. Bd3 Ngf6 6. Re1 g6 7. c3 Bg7 8. Bc2 O-O 9. d4 e5 10. dxe5 Nxe5 11. h3 Qc7 12. a4 b6 13. Bf4 Bb7 14. Nbd2 Rad8 15. Qe2 Rfe8 16. Nxe5 dxe5 17. Be3 Rd7 18. a5 b5 19. c4 b4 20. f3 Nh5 21. Nb3 Bf8 22. Qf2 Rc8 23. Red1 Rxd1+ 24. Bxd1 Nf4 25. Be2 Ne6 26. Qg3 Rd8 27. Rd1 Rxd1+ 28. Bxd1 Bc6 29. Qe1 Ba4 30. g3 Bxb3 31. Bxb3 Qxa5 32. Qd1 Nd4 33. Bxd4 cxd4 34. Kg2 Bh6 35. Kf2 Be3+ 36. Ke2 Qc5 37. Qc2 Kg7 38. Kd3 Kf8 39. Ba4 Ke7 40. b3 Qc8 41. g4 Kd6 42. c5+ Qxc5 43. Qxc5+ Kxc5 44. Be8 f6 45. h4 Kd6 46. h5 gxh5 47. gxh5 Ke7 48. Bc6 Kf7 49. Bd7 Kg7 50. Bf5 Kh6 51. Ke2 Bc1 52. Kd1 Bb2 53. Kc2 Bc3 54. Kd3 a5 55. Kc2 Be1 56. Bg4 Kg5 57. Bf5 h6 58. Bg4 Bc3 59. Kd3 a4 60. bxa4 b3 61. Be6 b2 62. Kc2 Kxh5 63. a5 Bxa5 64. Kxb2 Kg5 65. Kc2 h5 66. Kd3 Kf4 67. Ke2 Kg3 0-1

[Event "Golden Horseshoe op"]
[Site "Mississauga CAN"]
[Date "2018.06.02"]
[Round "1.3"]
[White "Krnan, Tomas"]
[Black "Chen, Max"]
[Result "1-0"]
[WhiteElo "2499"]
[BlackElo "2016"]
[PlyCount "85"]
[GameId "2160767908179038"]
[EventDate "2018.06.02"]
[EventType "swiss"]
[EventRounds "5"]
[EventCountry "CAN"]
[SourceTitle "hb 2018"]

1. e4 c6 2. d4 d5 3. Nc3 g6 4. Nf3 Bg7 5. h3 Nf6 6. Bd3 dxe4 7. Nxe4 Nbd7 8. O-O O-O 9. Nxf6+ Nxf6 10. Re1 Qc7 11. Qe2 Re8 12. Ne5 Qb6 13. c3 Nd5 14. Qf3 Rf8 15. h4 Nf6 16. a4 Be6 17. a5 Qd8 18. a6 Bd5 19. Qe2 b5 20. b3 Qc7 21. c4 bxc4 22. bxc4 Be6 23. Bf4 Qc8 24. Qf3 c5 25. d5 Bd7 26. Ra5 Ng4 27. Nxd7 Qxd7 28. Rxc5 Bd4 29. Rc7 Bxf2+ 30. Kf1 Qa4 31. Qxg4 Bxe1 32. Kxe1 Qxa6 33. Be5 e6 34. Qxe6 Qa5+ 35. Kd1 Qxc7 36. Qf6 Qxe5 37. Qxe5 a5 38. c5 a4 39. Bc4 a3 40. Ba2 Rfb8 41. d6 Rb2 42. Qd5 Ra4 43. Qxf7+ 1-0

[Event "Golden Horseshoe op"]
[Site "Mississauga CAN"]
[Date "2018.06.02"]
[Round "2.3"]
[White "Ning, Eric"]
[Black "Krnan, Tomas"]
[Result "0-1"]
[WhiteElo "2068"]
[BlackElo "2499"]
[PlyCount "56"]
[GameId "2160767908179050"]
[EventDate "2018.06.02"]
[EventType "swiss"]
[EventRounds "5"]
[EventCountry "CAN"]
[SourceTitle "hb 2018"]

1. d4 Nf6 2. c4 g6 3. Nc3 Bg7 4. e4 d6 5. Be2 O-O 6. g4 c5 7. d5 e6 8. Be3 exd5 9. cxd5 Qa5 10. f3 b5 11. Kf1 b4 12. Nb1 Ne8 13. Nd2 f5 14. Kg2 Qd8 15. Qc2 Nd7 16. Rf1 Qe7 17. h3 Bb7 18. Nc4 Nef6 19. Bf4 Ne5 20. Bxe5 dxe5 21. Bd3 Rae8 22. Ne2 Nxd5 23. exd5 e4 24. Ng3 exd3 25. Qxd3 Bd4 26. d6 Qh4 27. d7 f4 28. Ne4 Rxe4 0-1

[Event "Golden Horseshoe op"]
[Site "Mississauga CAN"]
[Date "2018.06.02"]
[Round "3.2"]
[White "Krnan, Tomas"]
[Black "Sambuev, Bator"]
[Result "1/2-1/2"]
[WhiteElo "2499"]
[BlackElo "2589"]
[PlyCount "145"]
[GameId "2160767908179061"]
[EventDate "2018.06.02"]
[EventType "swiss"]
[EventRounds "5"]
[EventCountry "CAN"]

1. e4 d6 2. d4 Nf6 3. Nc3 e5 4. Nf3 Nbd7 5. Bc4 Be7 6. O-O O-O 7. Re1 c6 8. a4 a5 9. h3 h6 10. Ba2 Re8 11. Be3 Qc7 12. Nd2 Nf8 13. Nc4 exd4 14. Bxd4 Be6 15. Bxf6 Bxf6 16. Qxd6 Qxd6 17. Nxd6 Red8 18. e5 Bxa2 19. exf6 Rxd6 20. fxg7 Ne6 21. Ne4 Rd4 22. Rxa2 Kxg7 23. Ra3 Rad8 24. Rg3+ Kf8 25. b3 b5 26. Nc3 b4 27. Ne4 c5 28. c4 Rd3 29. Rxd3 Rxd3 30. Re3 Rd1+ 31. Kh2 h5 32. h4 Kg7 33. f4 Rf1 34. Ng3 Rf2 35. Nxh5+ Kh6 36. Kg1 Rb2 37. g4 Nd4 38. f5 Nxf5 39. gxf5 Kxh5 40. Re5 Kxh4 41. Rxc5 Kg3 42. Kf1 Kf3 43. Ke1 Ke3 44. Kd1 Kd3 45. Kc1 Kc3 46. Rxa5 Kxb3 47. c5 Rc2+ 48. Kd1 Rc4 49. Kd2 Rd4+ 50. Ke3 Rd5 51. Ke4 Kc4 52. Ra7 f6 53. c6 Re5+ 54. Kf4 Rc5 55. c7 Kb3 56. a5 Ka4 57. a6 Ka5 58. Kg4 b3 59. Rb7 Kxa6 60. Rxb3 Rxc7 61. Re3 Rg7+ 62. Kh4 Rh7+ 63. Kg4 Rg7+ 64. Kf4 Kb5 65. Re6 Rf7 66. Kg4 Rg7+ 67. Kh4 Rh7+ 68. Kg3 Rf7 69. Kf4 Kc5 70. Ke4 Rf8 71. Ra6 Re8+ 72. Kf4 Rf8 73. Ke4 1/2-1/2

[Event "Golden Horseshoe op"]
[Site "Mississauga CAN"]
[Date "2018.06.03"]
[Round "4.2"]
[White "Buscar, Michael"]
[Black "Krnan, Tomas"]
[Result "0-1"]
[WhiteElo "2215"]
[BlackElo "2499"]
[PlyCount "52"]
[GameId "2160767908179072"]
[EventDate "2018.06.02"]
[EventType "swiss"]
[EventRounds "5"]
[EventCountry "CAN"]
[SourceTitle "hb 2018"]

1. d4 Nf6 2. c4 g6 3. Nc3 Bg7 4. e4 d6 5. Nf3 O-O 6. Be2 e5 7. h3 exd4 8. Nxd4 Re8 9. Bf3 Nbd7 10. O-O c6 11. Nb3 Ne5 12. Be2 Be6 13. c5 d5 14. f4 Nc4 15. e5 Nd7 16. Na4 Qe7 17. Kh1 f6 18. exf6 Qxf6 19. Bd3 Qh4 20. Qf3 d4 21. Qf2 Qxf2 22. Rxf2 b5 23. cxb6 axb6 24. f5 gxf5 25. Re2 Rxa4 26. Bf4 Nce5 0-1

[Event "Golden Horseshoe op"]
[Site "Mississauga CAN"]
[Date "2018.06.03"]
[Round "5.2"]
[White "Krnan, Tomas"]
[Black "Hua, Eugene"]
[Result "1/2-1/2"]
[WhiteElo "2499"]
[BlackElo "2411"]
[PlyCount "57"]
[GameId "2160767908179084"]
[EventDate "2018.06.02"]
[EventType "swiss"]
[EventRounds "5"]
[EventCountry "CAN"]

1. e4 c5 2. Nf3 e6 3. b3 Nc6 4. Bb2 a6 5. c4 d6 6. d4 cxd4 7. Nxd4 Nf6 8. Nc3 Bd7 9. g3 Be7 10. Bg2 O-O 11. O-O Rc8 12. a4 Qb6 13. Nxc6 bxc6 14. a5 Qc7 15. Re1 c5 16. g4 Bc6 17. g5 Nd7 18. f4 e5 19. Nd5 Bxd5 20. exd5 f5 21. Qd3 e4 22. Qc3 Rf7 23. h4 Qb7 24. h5 Qb4 25. g6 hxg6 26. hxg6 Rf6 27. Qg3 Rb8 28. Bxf6 Bxf6 29. Rab1 1/2-1/2

[Event "Aurora Spring op"]
[Site "Aurora CAN"]
[Date "2018.03.24"]
[Round "1.2"]
[White "Kang, Dorian"]
[Black "Krnan, Tomas"]
[Result "0-1"]
[WhiteElo "1883"]
[BlackElo "2432"]
[PlyCount "56"]
[GameId "2160767908245496"]
[EventDate "2018.03.24"]
[EventType "swiss"]
[EventRounds "5"]
[EventCountry "CAN"]
[SourceTitle "EXT 2022"]
[Source "ChessBase"]
[SourceDate "2021.10.06"]
[SourceVersion "1"]
[SourceVersionDate "2021.10.06"]
[SourceQuality "1"]

1. c4 Nf6 2. Nc3 g6 3. e4 d6 4. d4 Bg7 5. f4 c5 6. d5 O-O 7. Nf3 e6 8. Be2 exd5 9. cxd5 Nbd7 10. O-O Re8 11. Qc2 a6 12. a4 Qa5 13. Bd2 c4 14. h3 Qb6+ 15. Kh1 Nc5 16. Be3 Qb3 17. Qxb3 Nxb3 18. Ra3 Nxe4 19. Nxe4 Rxe4 20. Bxc4 Na5 21. Nd2 Rxc4 22. Bb6 Rc2 23. Bxa5 b6 24. Bb4 a5 25. Rc3 Rxb2 26. Rb3 Rxb3 27. Nxb3 axb4 28. Rc1 Bc3 0-1

[Event "Aurora Spring op"]
[Site "Aurora CAN"]
[Date "2018.03.24"]
[Round "2.2"]
[White "Krnan, Tomas"]
[Black "Ning, Eric"]
[Result "1-0"]
[WhiteElo "2432"]
[BlackElo "1832"]
[PlyCount "63"]
[GameId "2160767908241410"]
[EventDate "2018.03.24"]
[EventType "swiss"]
[EventRounds "5"]
[EventCountry "CAN"]
[SourceTitle "EXT 2022"]
[Source "ChessBase"]
[SourceDate "2021.10.06"]
[SourceVersion "1"]
[SourceVersionDate "2021.10.06"]
[SourceQuality "1"]

1. e4 c5 2. Nf3 Nc6 3. Bb5 g6 4. Bxc6 bxc6 5. O-O Bg7 6. Re1 Nh6 7. c3 d5 8. d3 O-O 9. Be3 Qb6 10. b3 Rd8 11. e5 Nf5 12. Bf4 h5 13. h3 Bh6 14. Bxh6 Nxh6 15. Qd2 Kg7 16. Qg5 Re8 17. Nbd2 Bf5 18. Qe3 Qb5 19. c4 Qa5 20. Rec1 Rac8 21. Nf1 Qb6 22. Ng3 a5 23. Nh4 e6 24. Ne2 f6 25. exf6+ Kh7 26. Nf3 Nf7 27. Ng5+ Nxg5 28. Qxg5 Bxd3 29. Nf4 dxc4 30. Rxc4 Bxc4 31. Qxg6+ Kh8 32. f7 1-0

[Event "Aurora Spring op"]
[Site "Aurora CAN"]
[Date "2018.03.24"]
[Round "3.1"]
[White "Hambleton, Aman"]
[Black "Krnan, Tomas"]
[Result "1-0"]
[WhiteElo "2501"]
[BlackElo "2432"]
[PlyCount "109"]
[GameId "2160767908241419"]
[EventDate "2018.03.24"]
[EventType "swiss"]
[EventRounds "5"]
[EventCountry "CAN"]
[SourceTitle "EXT 2022"]
[Source "ChessBase"]
[SourceDate "2021.10.06"]
[SourceVersion "1"]
[SourceVersionDate "2021.10.06"]
[SourceQuality "1"]

1. d4 Nf6 2. Bf4 d5 3. e3 c5 4. Nf3 Nc6 5. Nbd2 cxd4 6. exd4 Nh5 7. Be3 e6 8. c3 Bd6 9. g3 O-O 10. Bd3 f5 11. Ne5 Nf6 12. Ndf3 Ne4 13. Bf4 Nxe5 14. Bxe5 Be7 15. h4 Bd7 16. Kf1 b5 17. Kg2 a5 18. Qe2 b4 19. c4 dxc4 20. Bxc4 Qb6 21. Bf4 Qb7 22. Rhd1 Rfd8 23. Rac1 Kh8 24. Kg1 Ba4 25. Re1 Bc6 26. Ne5 Bd5 27. Bxd5 Qxd5 28. Nc6 Bf6 29. Nxd8 Rxd8 30. f3 Bxd4+ 31. Kg2 Nc5 32. Rcd1 h6 33. Be5 Bxe5 34. Rxd5 Rxd5 35. Qxe5 Rxe5 36. Rxe5 Nd3 37. Re2 e5 38. b3 g6 39. Re3 Nc1 40. Rxe5 Nxa2 41. Rxa5 Nc1 42. h5 Nxb3 43. Ra8+ Kg7 44. Ra7+ Kg8 45. Rb7 gxh5 46. Rxb4 Nc1 47. Rf4 Kg7 48. Rxf5 Kg6 49. Rd5 Ne2 50. Rd6+ Kg7 51. Kh3 Ng1+ 52. Kh4 Ne2 53. f4 Kh7 54. f5 Kg7 55. Rg6+ 1-0

[Event "Aurora Spring op"]
[Site "Aurora CAN"]
[Date "2018.03.25"]
[Round "4.3"]
[White "Krnan, Tomas"]
[Black "Noritsyn, Sergey"]
[Result "1-0"]
[WhiteElo "2432"]
[BlackElo "2083"]
[PlyCount "89"]
[GameId "2160767908241429"]
[EventDate "2018.03.24"]
[EventType "swiss"]
[EventRounds "5"]
[EventCountry "CAN"]
[SourceTitle "EXT 2022"]
[Source "ChessBase"]
[SourceDate "2021.10.06"]
[SourceVersion "1"]
[SourceVersionDate "2021.10.06"]
[SourceQuality "1"]

1. e4 c5 2. Nf3 d6 3. Bb5+ Nd7 4. O-O Ngf6 5. Re1 e5 6. c3 Be7 7. d4 O-O 8. a4 a6 9. Bc4 cxd4 10. cxd4 exd4 11. Nxd4 Ne5 12. Bb3 Nc6 13. Nc3 Re8 14. Bf4 Bg4 15. f3 Nxd4 16. Qxd4 Be6 17. Bxe6 fxe6 18. Rad1 d5 19. exd5 exd5 20. Kf1 Rf8 21. Nxd5 Nxd5 22. Qxd5+ Qxd5 23. Rxd5 Bf6 24. Be5 Rad8 25. Rxd8 Rxd8 26. Bxf6 gxf6 27. Re7 Rd4 28. Rxb7 Rxa4 29. Ke2 Ra1 30. Ke3 Rg1 31. Kf2 Rb1 32. g4 a5 33. Kg3 a4 34. Rb4 Kg7 35. h4 Kg6 36. Kf4 h5 37. gxh5+ Kxh5 38. Kf5 Rf1 39. f4 Kxh4 40. Rxa4 Rc1 41. Kxf6 Rc6+ 42. Ke5 Rb6 43. b4 Kg4 44. Kd5 Kxf4 45. b5+ 1-0

[Event "Aurora Spring op"]
[Site "Aurora CAN"]
[Date "2018.03.25"]
[Round "5.3"]
[White "Rusonik, Max"]
[Black "Krnan, Tomas"]
[Result "0-1"]
[WhiteElo "1806"]
[BlackElo "2432"]
[PlyCount "60"]
[GameId "2160767908241439"]
[EventDate "2018.03.24"]
[EventType "swiss"]
[EventRounds "5"]
[EventCountry "CAN"]
[SourceTitle "EXT 2022"]
[Source "ChessBase"]
[SourceDate "2021.10.06"]
[SourceVersion "1"]
[SourceVersionDate "2021.10.06"]
[SourceQuality "1"]

1. e4 e5 2. f4 exf4 3. Nf3 g5 4. h4 g4 5. Ne5 Nf6 6. Nxg4 d5 7. Nxf6+ Qxf6 8. Nc3 Qg7 9. Qf3 Bg4 10. Qf2 dxe4 11. Nxe4 f5 12. Nc3 Qe5+ 13. Be2 Bc5 14. Qf1 Nc6 15. d3 Bb4 16. Kd1 Bxc3 17. bxc3 O-O 18. Bxg4 fxg4 19. Qe1 Qd5 20. Rf1 Rae8 21. Qf2 f3 22. gxf3 Rxf3 23. Qg1 Qf5 24. Re1 Rxe1+ 25. Kxe1 Ne5 26. Be3 Rh3 27. Ke2 Qf3+ 28. Kd2 Rg3 29. Qe1 Rg2+ 30. Kc1 Re2 0-1

[Event "Oakville Winter op"]
[Site "Oakville CAN"]
[Date "2018.02.03"]
[Round "2.1"]
[White "Krnan, Tomas"]
[Black "Liang, Hairan"]
[Result "1/2-1/2"]
[WhiteElo "2512"]
[BlackElo "2268"]
[PlyCount "80"]
[GameId "2160767908266742"]
[EventDate "2018.02.02"]
[EventType "swiss"]
[EventRounds "5"]
[EventCountry "CAN"]

1. e4 c5 2. Nf3 Nc6 3. Bb5 g6 4. Bxc6 dxc6 5. d3 Bg7 6. h3 e5 7. Be3 b6 8. a3 Ne7 9. Nbd2 Be6 10. O-O h6 11. Nc4 Qc7 12. b4 cxb4 13. axb4 O-O 14. Qd2 g5 15. Qc3 Ng6 16. Ra6 f5 17. Rfa1 fxe4 18. dxe4 Rxf3 19. gxf3 Qf7 20. Nd2 Bxh3 21. Qb3 Be6 22. Qa3 Nh4 23. Bxb6 Rf8 24. Rxa7 Qh5 25. b5 Nxf3+ 26. Nxf3 Qg4+ 27. Kf1 Rxf3 28. Qc5 Qxe4 29. Rxg7+ Kxg7 30. Ra7+ Kg6 31. Qxc6 Qc4+ 32. Qxc4 Bxc4+ 33. Ke1 h5 34. Be3 Bxb5 35. Ra5 Bc6 36. Rxe5 Rf5 37. Re6+ Rf6 38. Re5 Rf5 39. Re6+ Rf6 40. Re5 Rf5 1/2-1/2

[Event "Oakville Winter op"]
[Site "Oakville CAN"]
[Date "2018.02.04"]
[Round "4.2"]
[White "Krnan, Tomas"]
[Black "Qian, Owen"]
[Result "1-0"]
[WhiteElo "2512"]
[BlackElo "2148"]
[PlyCount "61"]
[GameId "2160767908266747"]
[EventDate "2018.02.02"]
[EventType "swiss"]
[EventRounds "5"]
[EventCountry "CAN"]

1. e4 e5 2. Nf3 Nc6 3. Bb5 Nf6 4. d3 Bc5 5. O-O Nd4 6. Nxd4 Bxd4 7. c3 Bb6 8. Bg5 h6 9. Bh4 c6 10. Ba4 O-O 11. Nd2 d6 12. Nc4 Bc7 13. Ne3 a5 14. Qf3 g5 15. Bg3 Qe7 16. Rfe1 Ne8 17. Rad1 Ng7 18. d4 Be6 19. d5 Bd7 20. Nf5 Nxf5 21. exf5 cxd5 22. f6 Qe6 23. Qh5 Kh7 24. Bc2+ e4 25. Rxd5 Qxf6 26. Bxe4+ Kg7 27. h4 g4 28. Rg5+ Kh8 29. Bg6 Kg7 30. Bf5+ hxg5 31. Qh7# 1-0